Detalles MARC
| 000 -CABECERA |
| campo de control de longitud fija |
01665nam a2200289 a 4500 |
| 001 - NÚMERO DE CONTROL |
| campo de control |
000039544 |
| 005 - FECHA Y HORA DE LA ÚLTIMA TRANSACCIÓN |
| campo de control |
20201002031709.0 |
| 008 - DATOS DE LONGITUD FIJA--INFORMACIÓN GENERAL |
| campo de control de longitud fija |
130705s2007 dr 001 0 spa d |
| 040 ## - FUENTE DE LA CATALOGACIÓN |
| Centro catalogador/agencia de origen |
DO-SdBNP |
| Lengua de catalogación |
spa |
| Centro/agencia transcriptor |
BNPHU |
| 082 ## - NÚMERO DE LA CLASIFICACIÓN DECIMAL DEWEY |
| Número de clasificación |
343.729304 |
| Número de documento/Ítem |
R426c, 2007 |
| 110 1# - ENTRADA PRINCIPAL--NOMBRE DE ENTIDAD CORPORATIVA |
| Nombre de entidad corporativa o nombre de jurisdicción como elemento de entrada |
República Dominicana. |
| 9 (RLIN) |
447 |
| 240 10 - TÍTULO UNIFORME |
| Título uniforme |
[Código, etc.] |
| 245 10 - MENCIÓN DE TÍTULO |
| Título |
Código tributario de la República Dominicana : |
| Resto del título |
instituido por la ley 11-92 del 16 de Mayo de 1992 / |
| Mención de responsabilidad, etc. |
compilado por Máximo A. Díaz. |
| 260 ## - PUBLICACIÓN, DISTRIBUCIÓN, ETC. |
| Lugar de publicación, distribución, etc. |
Santo Domingo : |
| Nombre del editor, distribuidor, etc. |
[s.n.], |
| Fecha de publicación, distribución, etc. |
2007. |
| 300 ## - DESCRIPCIÓN FÍSICA |
| Extensión |
102 p. ; |
| Dimensiones |
21 cm. |
| 500 ## - NOTA GENERAL |
| Nota general |
Versión actualizada por la Ley nº. 495-06 del 29 de diciembre del 2006, Gaceta Oficial. |
| 505 0# - NOTA DE CONTENIDO CON FORMATO |
| Información miscelánea |
Reglamentos -- |
| Título |
No. 139-98 para la aplicación del título II del Código Tributario de la República Dominicana del impuesto sobre la renta -- |
| -- |
No. 140-98 para la aplicación del título II del código tributario de la República Dominicana del impuesto sobre la transferencia de bienes industrializados y servicios (ITBIS) -- |
| -- |
No. 79-03 para la aplicación del título IV del Código Tributario de la República Dominicana, del impuesto selectivo al consumo. |
| 590 ## - NOTA LOCAL (RLIN) |
| Nota local |
Inventariado, 2018/VM |
| 650 #4 - PUNTO DE ACCESO ADICIONAL DE MATERIA--TÉRMINO DE MATERIA |
| Término de materia o nombre geográfico como elemento de entrada |
Ley 11-92 |
| Subdivisión geográfica |
Republica Dominicana |
| 9 (RLIN) |
55494 |
| 650 #4 - PUNTO DE ACCESO ADICIONAL DE MATERIA--TÉRMINO DE MATERIA |
| Término de materia o nombre geográfico como elemento de entrada |
Ley 495-06 |
| Subdivisión geográfica |
Republica Dominicana |
| 9 (RLIN) |
65711 |
| 650 #4 - PUNTO DE ACCESO ADICIONAL DE MATERIA--TÉRMINO DE MATERIA |
| Término de materia o nombre geográfico como elemento de entrada |
Impuestos |
| Subdivisión general |
Legislacion |
| Subdivisión geográfica |
República Dominicana |
| 9 (RLIN) |
55495 |
| 650 #4 - PUNTO DE ACCESO ADICIONAL DE MATERIA--TÉRMINO DE MATERIA |
| Término de materia o nombre geográfico como elemento de entrada |
Impuestos |
| Subdivisión general |
Administración y procesamiento |
| 9 (RLIN) |
14513 |
| 650 #4 - PUNTO DE ACCESO ADICIONAL DE MATERIA--TÉRMINO DE MATERIA |
| Término de materia o nombre geográfico como elemento de entrada |
Impuestos sobre la renta |
| Subdivisión general |
Legislacion |
| Subdivisión geográfica |
República Dominicana |
| 9 (RLIN) |
9399 |
| 650 #4 - PUNTO DE ACCESO ADICIONAL DE MATERIA--TÉRMINO DE MATERIA |
| Término de materia o nombre geográfico como elemento de entrada |
Derecho fiscal |
| Subdivisión general |
Legislacion |
| Subdivisión geográfica |
Republica Dominicana |
| 9 (RLIN) |
9397 |
| 700 1# - PUNTO DE ACCESO ADICIONAL--NOMBRE DE PERSONA |
| Nombre de persona |
Díaz, Máximo A., |
| Término indicativo de función/relación |
comp. |
| 9 (RLIN) |
65694 |
| 910 ## - DATOS DE OPCIÓN DEL USUARIO (OCLC) |
| Datos de opción del usuario |
Validado. Control de calidad EMS |